000 00816nam a2200217Ii 4500
003 JO-AjNU
008 230605s9999||||xx |||||||||||||| ||und||
017 _a87/1795
020 _a977-1415-20-4
040 _aJO-AjNU
_bara
_erda
_cJO-AjNU
041 _aara
050 1 4 _aH61.B25712.1986
100 3 _aروبرت بار،جيمس بارز،صامويل شيرمس،ترجمة:فاطمة ابراهيم حميدة,
_eauthor
_917802
245 0 0 _aطبيعة المواد الاجتماعية =The Nature of The Social Srudies
264 3 1 _aالقاهرة:مكتبة النهضة المصرية،1986
300 _a124ص
336 _atext
_btxt
_2rdacontent
337 _aunmediated
_bn
_2rdamedia
338 _avolume
_bnc
_2rdacarrier
650 4 _aالعلوم الاجتماعية-دراسة وتعليم
_917803
999 _aA5576
_c9144
_d9144